00339nam a2200121Ia 4500008004100000245007600041260001700117260000900134300000900143650002300152650001200175856003000187170516s9999 xx 000 0 und d aChemically engineered persistent luminescence nanoprobes for bioimaging bTheranostics c2016 a6:13 xMedical Technology xMedtech uhttp://www.thno.org/v6i13